000 00325 a2200157 4500
001 70232
020 _a8504007146
040 _cAnchieta - Itaigara
100 _aMurray, Roseana
240 1 0 _aRetratos
_lpor
245 1 0 _aRetratos
300 _a23
362 0 _a2004
650 4 _aLiteratura infanto-juvenil
942 _cBK
999 _c70232
_d70232